Southville International School and Colleges
Your cart is empty.
  • Cart
  • Lists
    Public lists Eva Luna New books Lux_list list_1
    Your lists Log in to create your own lists
  • Log in to your account
  • Your cookies
  • Search history
Southville International School and Colleges
  • Advanced search
  • Recent comments
  • Most popular
  • Libraries

Log in to your account

Log in with GOOGLE


If you do not have an external account, but do have a local account, you can still log in:

  1. Home
  2. MARC view: Sable /
Normal view MARC view ISBD view

Sable / (Record no. 34327)

[ view plain ]
MARC details
000 -LEADER
fixed length control field 01309pam a2200385 a 4500
001 - CONTROL NUMBER
control field 3470130
003 - CONTROL NUMBER IDENTIFIER
control field OSt
005 - DATE AND TIME OF LATEST TRANSACTION
control field 20140310184429.0
008 - FIXED-LENGTH DATA ELEMENTS--GENERAL INFORMATION
fixed length control field 930928s1994 nyua j 000 1 eng
010 ## - LIBRARY OF CONGRESS CONTROL NUMBER
LC control number 93033646
020 ## - INTERNATIONAL STANDARD BOOK NUMBER
International Standard Book Number 0805024166 (acidfree paper) :
Terms of availability $14.95 ($20. 95 Can.)
040 ## - CATALOGING SOURCE
Original cataloging agency DLC
Transcribing agency DLC
Modifying agency DLC
042 ## - AUTHENTICATION CODE
Authentication code lcac
050 00 - LIBRARY OF CONGRESS CALL NUMBER
Classification number PZ 7
Item number .H4364 1995
100 1# - MAIN ENTRY--PERSONAL NAME
Personal name Hesse, Karen.
9 (RLIN) 4785
245 10 - TITLE STATEMENT
Title Sable /
Statement of responsibility, etc Karen Hesse ; illustrated by Marcia Sewall.
250 ## - EDITION STATEMENT
Edition statement 1st ed.
260 ## - PUBLICATION, DISTRIBUTION, ETC. (IMPRINT)
Place of publication, distribution, etc New York :
Name of publisher, distributor, etc Holt,
Date of publication, distribution, etc 1995.
300 ## - PHYSICAL DESCRIPTION
Extent 81 p. :
Other physical details ill. ;
Dimensions 20 cm.
490 1# - SERIES STATEMENT
Series statement A Redfeather book
521 ## - TARGET AUDIENCE NOTE
Target audience note
526 ## - STUDY PROGRAM INFORMATION NOTE
Reading level 690
650 #1 - SUBJECT ADDED ENTRY--TOPICAL TERM
Topical term or geographic name as entry element Dogs
General subdivision Fiction.
9 (RLIN) 26987
650 #1 - SUBJECT ADDED ENTRY--TOPICAL TERM
Topical term or geographic name as entry element Fathers and daughters
General subdivision Fiction.
9 (RLIN) 26988
650 #1 - SUBJECT ADDED ENTRY--TOPICAL TERM
Topical term or geographic name as entry element Carpentry
General subdivision Fiction.
9 (RLIN) 26989
700 1# - ADDED ENTRY--PERSONAL NAME
Personal name Sewall, Marcia,
Relator term ill.
9 (RLIN) 26990
830 #0 - SERIES ADDED ENTRY--UNIFORM TITLE
Uniform title Redfeather books.
9 (RLIN) 26991
856 42 - ELECTRONIC LOCATION AND ACCESS
Materials specified Contributor biographical information
Uniform Resource Identifier <a href="http://www.loc.gov/catdir/bios/hol056/93033646.html">http://www.loc.gov/catdir/bios/hol056/93033646.html</a>
856 42 - ELECTRONIC LOCATION AND ACCESS
Materials specified Publisher description
Uniform Resource Identifier <a href="http://www.loc.gov/catdir/description/hol054/93033646.html">http://www.loc.gov/catdir/description/hol054/93033646.html</a>
906 ## - LOCAL DATA ELEMENT F, LDF (RLIN)
a 7
b cbc
c orignew
d 1
e ocip
f 19
g y-gencatlg
942 ## - ADDED ENTRY ELEMENTS (KOHA)
Source of classification or shelving scheme Library of Congress Classification
Koha item type
Holdings
Withdrawn status Lost status Source of classification or shelving scheme Damaged status Home library Current library Shelving location Date acquired Total Checkouts Full call number Barcode Date last seen Copy number Price effective from Koha item type
    Library of Congress Classification   Luxembourg Library Luxembourg Library Scholastic Reading Center Section 10/09/2013   PZ 7 .H4364 1995 LEX2619 04/18/2017 1 10/09/2013 Books
    Library of Congress Classification   Luxembourg Library Luxembourg Library Scholastic Reading Center Section 10/09/2013   PZ 7 .H4364 1995 LEX2620 04/18/2017 2 10/09/2013 Books

Sable /

APA

Hesse K., Sewall M., . (1995). Sable. New York: Holt.

Chicago

Hesse Karen, Sewall Marcia, . 1995. Sable. New York: Holt.

Harvard

Hesse K., Sewall M., . (1995). Sable. New York: Holt.

MLA

Hesse Karen, Sewall Marcia, . Sable. New York: Holt. 1995.

  • Place hold
  • Print
  • Cite
  • Add to your cart (remove)
  • Save record
    BIBTEX Dublin Core MARCXML MARC (non-Unicode/MARC-8) MARC (Unicode/UTF-8) MARC (Unicode/UTF-8, Standard) MODS (XML) RIS
  • More searches
    Search for this title in:
    Other Libraries (WorldCat) Other Databases (Google Scholar) Online Stores (Bookfinder.com) Open Library (openlibrary.org)

Exporting to Dublin Core...

SOUTHVILLE LIBRARY

Southville International School and Colleges Library

1281 Tropical Ave. Cor. Luxembourg St., BF Homes International, Las Pinas City

Tel. No. 8256374 / 252358 Loc. 117/146

Powered by Koha